000 00404nam a2200169Ia 4500
008 221030s9999 xx 000 0 und d
020 _a8122000282
041 _aEnglish
082 _a105.23
_bRao
100 _aV. S. P. Rao
245 0 _aPrinciples & Practice Of Management
260 _bKonark Pub.
_aDelhi
_c2000
300 _a996
650 _aManagement
700 _aP. S. Narayana
942 _cBK
999 _c1962
_d1962